Orders of mammals - Statistics

General Stats
  • This quiz has been taken 87 times
  • The average score is 11 of 27
Answer Stats
Species Order % Correct
2277 Rodentia
88%
376 Primates
83%
279 Carnivora
80%
1389 Chiroptera
72%
122 Artiodactyla
57%
109 Lagomorpha
50%
17 Perissodactyla
50%
4 Sirenia
48%
5 Monotremata
43%
3 Proboscidea
42%
2 Dermoptera
38%
21 Cingulata
37%
6 Hyracoidea
33%
10 Pilosa
32%
126 Didelphimorphia
30%
20 Macroscelidea
30%
8 Pholidota
30%
155 Diprotodontia
28%
478 Eulipotyphla
28%
20 Scandentia
27%
33 Afrosoricida
25%
74 Dasyuromorphia
23%
1 Tubulidentata
23%
1 Microbiotheria
18%
2 Notoryctemorphia
13%
7 Paucituberculata
13%
19 Peramelemorphia
13%
No matching quizzes found
Score Distribution
Percent of People with Each Score
Percentile by Number Answered
Your Score History
You have not taken this quiz